00599nam a2200169Ia 4500008004100000020001500041041000800056082001800064100002200082245008200104250000600186260006100192300001000253650001500263999001900278952013200297210716s2005 xx 000 0 und d a0070583285 aeng a658.4092 PILA aSivathanu pillai. aTechnology leadership: a revolution in the making.bRevolution in the making. a1 aNew DelhibTata McGraw Hill Publishing Company Ltdc2005 ax,272 aLeadership c199274d199274 00102ddc40738MBAaAIMITbAIMITd2005-08-25g495.00l0o658.4092 PILApMBA01839r2025-07-21 00:00:00v396.00w2021-07-16yBK